[Event "AUTO-OPEN-1204"]
[Site "http://www.queenalice.com/game.php?id=516208"]
[Date "2009.1.2"]
[Round "2"]
[White "simon_p"]
[Black "gmoney1970"]
[Result "1-0"]
[WhiteElo "2118"]
[BlackElo "1775"]

1. e4 e6 2. d4 c5 3. Be3 Nc6 4. c3 cxd4 5. cxd4 d5 6. e5 f6 7. f4 fxe5 8. fxe5
g6 9. Nf3 Bg7 10. Nc3 Nge7 11. Qd2 O-O 12. Be2 Nf5 13. Bf2 a6 14. g4 Nh6 15. h3
b5 16. Be3 b4 17. Bxh6 bxc3 18. bxc3 Qe7 19. h4 a5 20. Bxg7 Kxg7 21. h5 Rxf3 22.
Bxf3 g5 23. h6+ Kf7 24. Rh5 Bb7 25. Rxg5 Rg8 26. Qf4+ Ke8 27. Rxg8+ Kd7 28. Rg7
1-0

[Event "AUTO-OPEN-1204"]
[Site "http://www.queenalice.com/game.php?id=516209"]
[Date "2009.1.2"]
[Round "2"]
[White "gmoney1970"]
[Black "simon_p"]
[Result "0-1"]
[WhiteElo "1773"]
[BlackElo "2120"]

1. e3 e5 2. Qh5 d6 3. Bb5+ c6 4. Bc4 Qc7 5. Nc3 d5 6. Bb3 Nf6 7. Qe2 e4 8. d3
Bg4 9. f3 exf3 10. gxf3 Bh5 11. Bd2 Nbd7 12. O-O-O Nc5 13. d4 Nxb3+ 14. cxb3 Be7
15. Qg2 Bg6 16. e4 dxe4 17. fxe4 O-O-O 18. e5 Nd5 19. Nxd5 cxd5+ 20. Bc3 Be4 21.
Nf3 Kb8 22. Rhf1 g5 23. Qg3 h6 24. h4 gxh4 25. Nxh4 Bg5+ 26. Rd2 Rdg8 27. Kd1
Bxd2 28. Qf2 Bxc3 29. bxc3 Qxc3 30. Qd2 Qh3 31. Qf2 Rg3 32. Nf5 Rf3 0-1

[Event "AUTO-OPEN-1204"]
[Site "http://www.queenalice.com/game.php?id=554758"]
[Date "2009.3.12"]
[Round "3"]
[White "simon_p"]
[Black "BRUTUS"]
[Result "0-1"]
[WhiteElo "2133"]
[BlackElo "2372"]

1. e4 e5 2. Nf3 Nf6 3. Nxe5 d6 4. Nf3 Nxe4 5. d4 d5 6. Bd3 Nc6 7. Nbd2 f5 8. Bb5
Bd7 9. Qe2 Bd6 10. c4 a6 11. Bxc6 Bxc6 12. c5 Bb5 13. Qe3 Be7 14. a4 Bc6 15. b4
Bf6 16. Nb3 O-O 17. O-O Qe8 18. a5 f4 19. Qxf4 Bb5 20. Re1 Qg6 21. h3 Bc4 22.
Ra3 Rae8 23. Qg4 Nc3 24. Rxe8 Qxe8 25. Be3 Nb5 26. Ra1 Bxb3 0-1

[Event "AUTO-OPEN-1204"]
[Site "http://www.queenalice.com/game.php?id=554759"]
[Date "2009.3.12"]
[Round "3"]
[White "BRUTUS"]
[Black "simon_p"]
[Result "1-0"]
[WhiteElo "2367"]
[BlackElo "2138"]

1. d4 Nf6 2. c4 e6 3. Nc3 Bb4 4. Qc2 O-O 5. a3 Be7 6. e4 d6 7. Nf3 c5 8. e5 Ne8
9. exd6 Bxd6 10. dxc5 Bxc5 11. b4 Be7 12. Bf4 Nf6 13. Rd1 Nbd7 14. c5 a5 15. Bd3
Kh8 16. O-O Nh5 17. Bc1 f5 18. Bc4 axb4 19. axb4 Rf6 20. Ng5 Qg8 21. Qe2 g6 22.
Bxe6 Rxe6 23. Qxe6 Qxe6 24. Nxe6 Nhf6 25. Rfe1 Bf8 26. Nxf8 Nxf8 27. Rd8 1-0

[Event "AUTO-MASTER-611"]
[Site "http://www.queenalice.com/game.php?id=570061"]
[Date "2009.4.10"]
[Round "2"]
[White "simon_p"]
[Black "Alexandrovinsk"]
[Result "0-1"]
[WhiteElo "1863"]
[BlackElo "2229"]

1. e4 c5 2. Nf3 Nc6 3. Bb5 d6 4. c3 Bd7 5. O-O Nf6 6. d3 g6 7. Re1 Bg7 8. Bg5
O-O 9. Nbd2 a6 10. Ba4 b5 11. Bc2 h6 12. Be3 Ng4 13. Nf1 Nxe3 14. Rxe3 b4 15.
Qe1 bxc3 16. bxc3 Qa5 17. d4 cxd4 18. cxd4 Qxe1 19. Raxe1 Nxd4 20. Nxd4 Bxd4 21.
Rd3 Bg7 22. Red1 Bb5 23. Re3 Bxf1 24. Kxf1 a5 25. g4 Rfc8 26. Re2 Rc3 27. Rd3
Rac8 28. Bb1 Rb8 29. Bc2 Rbc8 30. Bb1 Rc1+ 31. Re1 R8c4 32. f3 Rxe1+ 33. Kxe1
Be5 34. h3 Rc1+ 35. Rd1 Bg3+ 36. Ke2 Rxd1 0-1

[Event "AUTO-MASTER-611"]
[Site "http://www.queenalice.com/game.php?id=570062"]
[Date "2009.4.10"]
[Round "2"]
[White "Alexandrovinsk"]
[Black "simon_p"]
[Result "1-0"]
[WhiteElo "2232"]
[BlackElo "1861"]

1. e4 e6 2. d4 d5 3. Nd2 c5 4. c3 Nc6 5. Ngf3 a6 6. exd5 Qxd5 7. Nb3 cxd4 8.
Nbxd4 Nxd4 9. Qxd4 Nf6 10. Bc4 Qxd4 11. Nxd4 Be7 12. O-O O-O 13. Bg5 h6 14. Bh4
g5 15. Bg3 Ne4 16. Rad1 Nxg3 17. hxg3 Kg7 18. Rd2 b6 19. Re1 Bf6 20. Red1 Rd8
21. Nf5+ exf5 22. Rxd8 Bxd8 23. Rxd8 Bb7 24. Rd7 Be4 25. Bxf7 Kf6 26. Bd5 Bxd5
27. Rxd5 Ke6 28. Rd4 a5 29. a4 Rc8 30. f3 h5 31. f4 g4 32. Kf2 Ke7 33. Ke3 Rc5
34. Kd3 Ke6 35. c4 Rc7 36. Rd5 Rd7 37. Rxd7 1-0

[Event "AUTO-ADV-1010"]
[Site "http://www.queenalice.com/game.php?id=579987"]
[Date "2009.4.29"]
[Round "2"]
[White "simon_p"]
[Black "razoman"]
[Result "0-1"]
[WhiteElo "1911"]
[BlackElo "1906"]

1. e4 c5 2. Nf3 Nc6 3. Nc3 e5 4. Bc4 Nf6 5. d3 Be7 6. a3 O-O 7. O-O a6 8. Ne2 b5
9. Bd5 Nxd5 10. exd5 Nd4 11. Nxe5 Bd6 12. Nxd4 Bxe5 13. Nf3 Bd6 0-1

[Event "AUTO-ADV-1010"]
[Site "http://www.queenalice.com/game.php?id=579988"]
[Date "2009.4.29"]
[Round "2"]
[White "razoman"]
[Black "simon_p"]
[Result "1-0"]
[WhiteElo "1892"]
[BlackElo "1995"]

1. e4 e5 2. Nf3 Nc6 3. Bb5 a6 4. Bxc6 dxc6 5. h3 Nf6 6. d3 Bd6 7. Nc3 h6 8. O-O
Be6 9. a3 c5 10. Be3 Qd7 11. Qd2 O-O-O 12. Kh2 1-0

[Event "AUTO-ADV-1010"]
[Site "http://www.queenalice.com/game.php?id=579989"]
[Date "2009.4.29"]
[Round "2"]
[White "simon_p"]
[Black "mustangmike"]
[Result "0-1"]
[WhiteElo "1975"]
[BlackElo "1908"]

1. e4 e5 2. Nf3 d6 3. Bc4 h6 4. c3 Nc6 5. d4 f6 6. Nh4 exd4 7. Qh5+ Kd7 8. Qf7+
Qe7 9. Ng6 Ne5 10. Nxe7 Nxf7 0-1